Team troubleshooter : (Record no. 347872)
[ view plain ]
| 000 -LEADER | |
|---|---|
| fixed length control field | 01917 a2200181 4500 |
| 020 ## - INTERNATIONAL STANDARD BOOK NUMBER | |
| International Standard Book Number | 0891061517 (paperback) |
| 020 ## - INTERNATIONAL STANDARD BOOK NUMBER | |
| International Standard Book Number | 9780891061519 (paperback) |
| 082 04 - DEWEY DECIMAL CLASSIFICATION NUMBER | |
| Classification number | 658.402 |
| 090 ## - LOCALLY ASSIGNED LC-TYPE CALL NUMBER (OCLC); LOCAL CALL NUMBER (RLIN) | |
| -- | 5465 |
| -- | 5465 |
| 100 1# - MAIN ENTRY--PERSONAL NAME | |
| Personal name | Barner, Robert W. |
| 245 10 - TITLE STATEMENT | |
| Title | Team troubleshooter : |
| Remainder of title | how to find and fix team problems / |
| Statement of responsibility, etc. | Robert W. Barner. |
| 250 ## - EDITION STATEMENT | |
| Edition statement | 1st ed. |
| 260 ## - PUBLICATION, DISTRIBUTION, ETC. | |
| Place of publication, distribution, etc. | [S.l.] : |
| Name of publisher, distributor, etc. | Intercultural Press, |
| Date of publication, distribution, etc. | 2001. |
| 300 ## - PHYSICAL DESCRIPTION | |
| Extent | 320 p. ; |
| Dimensions | 24 cm. |
| 520 ## - SUMMARY, ETC. | |
| Summary, etc. | Internal conflict, lack of direction, unclear expectations, inadequate support--every manager knows what it's like to be part of a troubled team. Meetings are dreaded, schedules fall by the wayside, members look for excuses to jump ship. When a team is in trouble, its leaders need to act quickly to implement solutions that work. Team Troubleshooter offers a practical, nuts-and-bolts approach to help today's teams meet performance challenges head-on, resolve problems quickly, and get back on track. With more than 40 assessment tools, techniques and strategies, exercises, charts, graphs, and more, this hands-on guide identifies the 12 most common problems that hinder success and presents a five-step plan for guiding a team through the improvement process: diagnosing the problem, exploring options, planning action, getting commitment to change, and implementing the solution. Team Troubleshooter equips team leaders, facilitators, and members with suggestions, guidelines, and tools that can be readily applied to the problem at hand and pinpoints problem areas often overlooked by team leaders. The author's Team Health Check assessment shows how team problems relate to key performance areas covered in the book's 12 problem-solving chapters. These chapters in turn provide the strategic interventions needed to fix problems fast. |
| 856 40 - ELECTRONIC LOCATION AND ACCESS | |
| Materials specified | Amazon.com |
| Uniform Resource Identifier | <a href="http://www.amazon.com/exec/obidos/ASIN/0891061517/chopaconline-20">http://www.amazon.com/exec/obidos/ASIN/0891061517/chopaconline-20</a> |
| 942 ## - ADDED ENTRY ELEMENTS (KOHA) | |
| Institution code [OBSOLETE] | NBS |
| Koha item type | Book |
| Call number prefix | 658.402 BAR |
| Withdrawn status | Lost status | Damaged status | Not for loan | Permanent Location | Current Location | Date acquired | Total Checkouts | Full call number | Barcode | Date last seen | Price effective from | Koha item type |
|---|---|---|---|---|---|---|---|---|---|---|---|---|
| Central Library (CL) | Central Library (CL) | 08/28/2013 | 658.402 BAR | NBS5671 | 08/28/2013 | 08/28/2013 | Book |
